| 000 | 00878cam a22002653a 4500 | ||
|---|---|---|---|
| 001 | 3537 | ||
| 003 | PGUSA | ||
| 005 | 20140828083034.0 | ||
| 008 | 021101s2002||||xxu|||||s|||||000 1 eng d | ||
| 040 |
_aPGUSA _beng |
||
| 042 | _adc | ||
| 050 | 4 | _aPT | |
| 100 | 1 |
_aMühlbach, L. _q(Luise), _d1814-1873 |
|
| 245 | 1 | 0 |
_aFrederick the Great and His Family : _bA Historical Novel _h[electronic resource] / _cL. Mühlbach |
| 260 |
_bProject Gutenberg, _c2002 |
||
| 500 | _aTranslation of Friedrich der Grosse und seine Geschwister. | ||
| 506 | _aPublic domain in the USA. | ||
| 516 | _aElectronic text | ||
| 653 | _aFrederick II, King of Prussia, 1712-1786 -- Fiction | ||
| 653 | _aSeven Years' War, 1756-1763 -- Fiction | ||
| 700 | 1 |
_aColeman, Chapman, _cMrs, _d1813-1891 |
|
| 830 | 0 |
_aProject Gutenberg _v3537 |
|
| 856 | 4 | 0 | _uhttp://www.gutenberg.org/ebooks/3537 |
| 942 | _cEB | ||
| 999 |
_c232866 _d232866 |
||